Normal view
MARC view
- Tracy, Brian
Entry Personal Name
001 - CONTROL NUMBER
- control field: 16036
003 - CONTROL NUMBER IDENTIFIER
- control field: NUST
005 - DATE AND TIME OF LATEST TRANSACTION
- control field: 20190630094252.0
008 - FIXED-LENGTH DATA ELEMENTS
- fixed length control field: 190630|| aca||aabn | a|a d
040 ## - CATALOGING SOURCE
- Original cataloging agency: NUST
- Transcribing agency: NUST
100 ## - HEADING--PERSONAL NAME
- Personal name: Tracy, Brian
670 ## - SOURCE DATA FOUND
- Source citation: Work cat.: (NUST): Tracy, Brian, Change Your Thinking Change Your Life / , 2006.
